| 000 | 00465nam a2200169 i 4500 | ||
|---|---|---|---|
| 001 | 45617 | ||
| 003 | ES-MaACL | ||
| 005 | 20230906161239.0 | ||
| 007 | t| | ||
| 008 | 030326s1969 sp ||||1| spa d | ||
| 100 | 1 |
_aColmenarejo, Victor. _939775 |
|
| 245 | 1 | 0 |
_aTeoría del superhombre / _cVictor Colmenarejo. |
| 250 | _a[1ª ed.]. | ||
| 260 |
_aBarcelona, etc. : _bPlaza & Janés, _c[1969] |
||
| 300 |
_a332 p. ; _c22 cm. |
||
| 852 |
_aES-MaACL _jC-12391 _bR.70958 |
||
| 999 |
_c45617 _d45617 |
||